=LDR 00000nam 2200000 4500 =001 INLIS000000000013792 =005 20250326093104 =035 ##$$a 0010-061300000013792 =008 250326################g##########0#ind## =041 ##$$a Ind =082 ##$$a F Rom K =090 ##$$a F Rom K, Per p =245 ##$$a Pertempuran dua remaja, Kumpulan dongeng, Editor, Indira Sutrisno /$c Indira Soetrino =260 ##$$a Jakarta :$b Progres,$c 2003 =300 ##$$a 119 hlm, : $b ilus ; $c 19 x 13 cm =650 #4$$a Fiksi kanak-kanak =700 #$$a Sutrisno, Indira =850 ##$$a NBPNMAT =020 ##$$a 979-335-21-8 =084 ##$$a F Rom K PER =990 ##$$a 03690369 =990 ##$$a 20405381 =990 ##$$a 20405381 =990 ##$$a 20405381